| 000 | 01195nam a22002777a 4500 | ||
|---|---|---|---|
| 001 | 22142 | ||
| 005 | 20260331151842.0 | ||
| 008 | 260327b |||||||| |||| 00| 0 spa d | ||
| 020 | _a9789500204118 | ||
| 041 | _aESP | ||
| 082 |
_a611.018 _b P54 |
||
| 100 |
_aPiezzi, Ramón S. _eAUT |
||
| 245 | _aNuevo atlas de histología normal de di Fiore | ||
| 250 | _aPrimera edición, primera reimpresión | ||
| 260 |
_aBuenos Aires : _bEl Ateneo, _c2012 |
||
| 300 |
_axxii, 330 páginas : _bilustraciones, gráficos ; _c26 cm. |
||
| 440 | _a ; | ||
| 650 | _aTCA | ||
| 653 | _aMedicina; Histología | ||
| 654 | _aCCS | ||
| 700 |
_aFornés, Miguel W., _eAUT |
||
| 856 |
_uhttps://0u216utua-y-https-accessmedicina-mhmedical-com.itmsp.museknowledge.com/book.aspx?bookid=1506 _zVéase además: Texto atlas de histología. Biología celular y tisular. Versión digital |
||
| 856 |
_uhttps://0u216utua-y-https-accessmedicina-mhmedical-com.itmsp.museknowledge.com/ _zVéase además: Base de datos McGraw Hill Access Medicina |
||
| 856 |
_uhttps://0u23futwm-y-https-www-clinicalkey-com.itmsp.museknowledge.com/student/login _zVéase además: Base de datos ClinicalKey |
||
| 942 |
_cLIB _dJUS _fMAT _n0 _2ddc |
||
| 999 |
_c22142 _d22142 |
||